000 00308nam a22000977a 4500
999 _c519506
_d519506
082 _aTNC A99 R162 K141
100 _aKumar, Girija
_930593
245 _aRanganathan,Dewey and C.V. Raman :
_bAstudy in the arrogance of intellectual power
_cBy Girija Kumar
260 _aNew Delhi
_bHar-anand
_c1991
300 _a147p.